El arte, los artistas y la exposición de Bellas Artes de 1897 / (Record no. 38109)

MARC details
000 -LEADER
campo de control de longitud fija 00590nam a2200169 i 4500
001 - NÚMERO DE CONTROL
campo de control 38109
003 - IDENTIFICADOR DE NÚMERO DE CONTROL
campo de control ES-MaACL
005 - FECHA Y HORA DE LA ÚLTIMA TRANSACCIÓN
campo de control 20230906155711.0
007 - CAMPO FIJO DE DESCRIPCIÓN FÍSICA--INFORMACIÓN GENERAL
campo de control de longitud fija t|
008 - DATOS DE LONGITUD FIJA--INFORMACIÓN GENERAL
campo de control de longitud fija 030224s1897 sp ||||1| spa d
100 1# - ENTRADA PRINCIPAL--NOMBRE DE PERSONA
Nombre de persona Cabello y Lapiedra, Luis María.
9 (RLIN) 33183
245 13 - MENCIÓN DEL TÍTULO
Título El arte, los artistas y la exposición de Bellas Artes de 1897 /
Mención de responsabilidad, etc. Luis María Cabello y Lapiedra.
260 ## - PUBLICACIÓN, DISTRIBUCIÓN, ETC.
Lugar de publicación, distribución, etc. Madrid :
Nombre del editor, distribuidor, etc. [s.n.,
Fecha de publicación, distribución, etc. 1897] (
Fabricante Hijos de M.G. Hernández)
300 ## - DESCRIPCIÓN FÍSICA
Extensión VIII, 157 p. ;
Dimensiones 19 cm.
611 24 - PUNTO DE ACCESO ADICIONAL DE MATERIA--NOMBRE DE REUNIÓN/CONGRESO
Nombre de congreso/reunión o jurisdicción como elemento de entrada Exposición Nacional de Bellas Artes.
Fecha del congreso o de la firma del tratado 1897.
Sede del congreso/Lugar de la reunión Madrid)
9 (RLIN) 137423
852 ## - LOCALIZACIÓN
Ubicación ES-MaACL
Número de control de estantería T-1117-F-2
Holdings
Estatus retirado Estado de pérdida Estado de daño No para préstamo Colección Biblioteca de origen Biblioteca actual Ubicación en estantería Fecha de adquisición Fuente de adquisición Total de préstamos Signatura topográfica completa Código de barras Visto por última vez Precio de reemplazo Tipo de ítem Koha
        Colección de folletos Biblioteca del Ateneo de Madrid Biblioteca del Ateneo de Madrid Depósito folletos 17/01/2008     T-1117-F-2 1040120 23/02/2023 23/02/2023 Folleto